| 000 | 00880cam a2200193 4500 | ||
|---|---|---|---|
| 001 | ABS60829 | ||
| 008 | 000000n1999 000 0 eng u | ||
| 035 | _a(Sirsi) u101331 | ||
| 100 | _aMynors, C. | ||
| 245 | _aEnabling development. | ||
| 260 | _c1999 | ||
| 490 |
_aContext _v(62) June 1999, 22-23(2) |
||
| 520 | _aReviews a recent Court of Appeal decision relating to enabling development in the grounds of a listed building: Downe Hall in Dorset. In the decision on "R v West Dorset District Council, ex parte Searle", the Court of Appeal ruled that the Council had made the right decision in approving the application which would safeguard the future of the hall, even though the development would harm the historic garden. | ||
| 650 | _aHISTORIC BUILDINGS | ||
| 650 | _aHOUSING DEVELOPMENTS | ||
| 650 | _aDORSET | ||
| 690 | _aPLANNING LAW AND PRACTICE | ||
| 942 | _n0 | ||
| 999 |
_c60479 _d60479 |
||